00771nam a22001937a 4500003000900000008004100009020001800050040007100068082002000139245007500159260007500234300002600309505012700335650001500462650001400477650001500491700003300506700003800539AR-CdUCM190305b ||||| |||| 00| 0 spa d a84-89312-27-3 aMUNICIPALIDAD PROVINCIAL DEL CUSCOcBIBLIOTECA MUNICIPAL DEL CUSCO a352.09 /bSO678 aSociedad y gobierno local :bEspacios de concertación y democracia / aLima :bDESCO, Centro de Estudios y Promoción del Desarrollo,c1998. a365 paginas ;c20 cm. aContenido :Los gobiernos locales en el contexto actual --Seminario de ilo --Seminario de Cajamarca --Seminario de Lima ... aMunicipios aSociedad  aDemocracia aInes Garcia de Chu ( editor) aMaria del Carmen Piazza ( editor)